| 000 | 01098cam a22003377a 4500 | ||
|---|---|---|---|
| 001 | 13634172 | ||
| 003 | OSt | ||
| 005 | 20140310182328.0 | ||
| 008 | 040623s2003 nyua j 000 0 eng | ||
| 010 | _a 2004295223 | ||
| 020 | _a0439424712 (pbk.) | ||
| 035 | _a(OCoLC)ocm53448028 | ||
| 040 |
_aOCO _cOCO _dDLC |
||
| 042 | _alccopycat | ||
| 050 | 0 | 0 |
_aPZ 7 _b.G88366 1998 |
| 082 |
_aFIC G87j _b1998 |
||
| 100 | 1 |
_aGriffiths, Andy, _d1961- _920142 |
|
| 245 | 1 | 0 |
_aJust annoying : _cAndy Griffiths ; with illustrations by Terry Denton. |
| 260 |
_aNew York : _bScholastic, _c2003. |
||
| 300 |
_a137 p. : _bill. ; _c20 cm. + _e1 CD-ROM (3 in.) |
||
| 500 |
_aLC copy lacks CD-ROM. _5DLC |
||
| 562 | _e1 | ||
| 650 | 0 |
_aHumorous stories. _93831 |
|
| 650 | 0 |
_aChildren's stories. _93210 |
|
| 700 | 1 |
_aDenton, Terry. _912858 |
|
| 856 | 4 | 2 |
_3Publisher description _uhttp://www.loc.gov/catdir/description/schol051/2004295223.html |
| 906 |
_a7 _bcbc _ccopycat _d2 _encip _f20 _gy-gencatlg |
||
| 942 |
_2lcc _cBK-FIC |
||
| 999 |
_c11930 _d11930 |
||